Länder, die einen Buchstaben enthalten - H - Statistiken

Allgemein
  • Dieses Quiz wurde 1.345 mal gespielt
  • Das Durchschnittsergebnis liegt bei 27 aus 37
Antwortstatistiken
Hinweis Land % Korrekt
1 x H Honduras
94%
1 x H China
91%
1 x H Deutschland
91%
1 x H Haiti
90%
1 x H Schweden
90%
1 x H Frankreich
87%
1 x H Chile
85%
1 x H Schweiz
84%
1 x H Vereinigtes Königreich
82%
1 x H Griechenland
81%
1 x H Österreich
79%
1 x H Afghanistan
78%
1 x H Liechtenstein
78%
2 x H Tschechien
78%
1 x H Kasachstan
76%
1 x H Thailand
75%
1 x H Ghana
74%
1 x H Aserbaidschan
71%
1 x H Bahrain
70%
1 x H Bhutan
70%
1 x H Bahamas
69%
1 x H Tadschikistan
69%
1 x H Vereinigte Arabische Emirate
69%
1 x H Bangladesch
68%
1 x H Bosnien und Herzegowina
68%
1 x H Dominikanische Republik
67%
1 x H Tschad
67%
1 x H Zentralafrikanische Republik
67%
1 x H Äthiopien
66%
1 x H Demokratische Republik Kongo
66%
1 x H Philippinen
66%
1 x H Fidschi
65%
1 x H Dschibuti
64%
1 x H Lesotho
62%
1 x H Kambodscha
61%
1 x H Marshallinseln
61%
1 x H Seychellen
61%
Keine übereinstimmenden Quizze gefunden
Verteilung der Resultate
Anzahl Personen mit jedem Resultat
Perzentil nach korrekt beantworteten Fragen
Ihre Resultats-Entwicklung
Sie haben dieses Quiz noch nicht gespielt